000 00539cam a22002051 4500
001 af 47006794
003 DLC
005 20260227110839.0
008 850930s1943 fr 000 0 fre c
010 _aaf 47006794
035 _a(OCoLC)12616877
040 _aHarvard Univ. Libr.
_cOCU
_dDLC
042 _apremarc
050 0 0 _aGR161
_b.A8
100 1 _aAuclair, Bernard.
245 1 0 _aMœurs des provinces françaises.
260 _aParis :
_bLes Livres nouveaux,
_c[1943]
300 _a222 p. ;
_c22 cm.
650 0 _aFolklore
_zFrance.
999 _c3688
_d3688